Best Fast Food Chains in America - Statistics

General Stats
  • This quiz has been taken 287 times
  • The average score is 10 of 25
Answer Stats
# Answer % Correct
1 McDonald's
97%
4 Burger King
87%
5 Wendy's
86%
6 Taco Bell
72%
9 KFC
69%
2 Subway
63%
8 Pizza Hut
61%
3 Starbucks
57%
18 Arby's
55%
11 Chick-fil-A
55%
15 Domino's
54%
24 Chipotle
43%
19 Dairy Queen
42%
7 Dunkin' Donuts
41%
12 Sonic
38%
17 Jack in the Box
36%
21 IHOP
12%
13 Olive Garden
12%
16 Panera Bread
12%
10 Applebee's
9%
20 Red Lobster
8%
14 Chili's
7%
22 Denny's
6%
23 Outback Steakhouse
5%
25 Papa John's Pizza
3%
No matching quizzes found
Score Distribution
Percent of People with Each Score
Percentile by Number Answered
Your Score History
You have not taken this quiz